[Event "MPJBiS 2020"]
[Site "?"]
[Date "2020.08.30"]
[Round "11.4"]
[White "Zieba, Hubert"]
[Black "Warchol, Kamil"]
[Result "1/2-1/2"]
[BlackElo "1690"]
[WhiteElo "1466"]
[LiveChessVersion "1.4.8"]

1. c4 {[%clk 0:03:03]} e5 {[%clk 0:03:03]} 2. Nc3 {[%clk 0:03:03]} Nf6
{[%clk 0:03:03]} 3. g3 {[%clk 0:03:04]} c6 {[%clk 0:03:05]} 4. Bg2
{[%clk 0:03:05]} d5 {[%clk 0:03:06]} 5. cxd5 {[%clk 0:02:57]} cxd5
{[%clk 0:03:07]} 6. d3 {[%clk 0:02:54]} Nc6 {[%clk 0:03:07]} 7. Nf3
{[%clk 0:02:55]} Be6 {[%clk 0:03:05]} 8. O-O {[%clk 0:02:53]} Be7
{[%clk 0:03:04]} 9. b3 {[%clk 0:02:41]} O-O {[%clk 0:02:56]} 10. Bb2
{[%clk 0:02:42]} Bd6 {[%clk 0:02:53]} 11. Nb5 {[%clk 0:02:36]} Bb8
{[%clk 0:02:53]} 12. Nc3 {[%clk 0:02:35]} a6 {[%clk 0:02:53]} 13. Rc1
{[%clk 0:02:35]} Bd6 {[%clk 0:02:53]} 14. Qd2 {[%clk 0:02:33]} Rc8
{[%clk 0:02:53]} 15. Rfd1 {[%clk 0:02:27]} Qa5 {[%clk 0:02:52]} 16. d4
{[%clk 0:02:19]} e4 {[%clk 0:02:48]} 17. Ne1 {[%clk 0:02:20]} b5 {[%clk 0:02:40]}
18. e3 {[%clk 0:02:17]} Rc7 {[%clk 0:02:34]} 19. Rc2 {[%clk 0:02:05]} Rfc8
{[%clk 0:02:28]} 20. Rdc1 {[%clk 0:02:05]} Nb4 {[%clk 0:02:29]} 21. Ne2
{[%clk 0:01:38]} Qb6 {[%clk 0:02:00]} 22. Rxc7 {[%clk 0:01:34]} Rxc7
{[%clk 0:02:02]} 23. Rxc7 Qxc7 {[%clk 0:02:03]} 24. a3 {[%clk 0:01:32]} Nc6
{[%clk 0:02:04]} 25. b4 {[%clk 0:01:33]} a5 {[%clk 0:02:00]} 26. Qc3
{[%clk 0:01:32]} axb4 {[%clk 0:01:57]} 27. axb4 {[%clk 0:01:33]} Bxb4 28. Qc1
{[%clk 0:01:33]} Qb7 {[%clk 0:01:46]} 29. Nc2 {[%clk 0:01:32]} Bd6
{[%clk 0:01:46]} 30. Bf1 {[%clk 0:01:24]} b4 {[%clk 0:01:34]} 31. Qb1
{[%clk 0:01:21]} Na5 {[%clk 0:01:20]} 32. Nc1 {[%clk 0:01:18]} Bd7
{[%clk 0:01:14]} 33. Qa1 {[%clk 0:01:10]} Nc4 {[%clk 0:01:13]} 34. Nb3
{[%clk 0:00:59]} Nxb2 {[%clk 0:01:06]} 35. Qxb2 {[%clk 0:01:00]} Bb5
{[%clk 0:01:03]} 36. Bxb5 {[%clk 0:01:00]} Qxb5 {[%clk 0:01:04]} 37. Qa2
{[%clk 0:00:58]} g6 {[%clk 0:01:03]} 38. Qa5 {[%clk 0:00:51]} Qxa5
{[%clk 0:00:50]} 39. Nxa5 {[%clk 0:00:52]} Kf8 {[%clk 0:00:51]} 40. Nb3
{[%clk 0:00:52]} Nd7 {[%clk 0:00:46]} 41. Kf1 {[%clk 0:00:52]} Ke7
{[%clk 0:00:46]} 42. Ke2 {[%clk 0:00:54]} Kd8 {[%clk 0:00:47]} 43. Kd2
{[%clk 0:00:54]} Kc7 {[%clk 0:00:49]} 44. Nca1 {[%clk 0:00:52]} Kc6
{[%clk 0:00:48]} 45. Kc2 {[%clk 0:00:51]} Kb5 {[%clk 0:00:48]} 46. Kb2
{[%clk 0:00:50]} Nb6 {[%clk 0:00:49]} 47. Kc2 {[%clk 0:00:48]} Na4
{[%clk 0:00:39]} 48. Kd2 {[%clk 0:00:43]} Nc3 {[%clk 0:00:40]} 49. Kc2
{[%clk 0:00:43]} Kc4 {[%clk 0:00:31]} 50. Na5+ {[%clk 0:00:44]} Kb5
{[%clk 0:00:32]} 51. N5b3 {[%clk 0:00:45]} Na4 {[%clk 0:00:32]} 52. Kd2
{[%clk 0:00:46]} Nb6 {[%clk 0:00:32]} 53. Kc2 {[%clk 0:00:46]} Nc4
{[%clk 0:00:33]} 54. Kc1 {[%clk 0:00:41]} Ka4 {[%clk 0:00:32]} 55. Kc2
{[%clk 0:00:42]} f5 {[%clk 0:00:22]} 56. Kc1 {[%clk 0:00:40]} Ka3
{[%clk 0:00:21]} 57. Kc2 {[%clk 0:00:41]} Nb2 {[%clk 0:00:15]} 58. Nc5
{[%clk 0:00:35]} Bxc5 {[%clk 0:00:12]} 59. dxc5 {[%clk 0:00:36]} Nc4
{[%clk 0:00:13]} 60. c6 {[%clk 0:00:36]} Nb6 {[%clk 0:00:14]} 61. c7
{[%clk 0:00:38]} Ka4 {[%clk 0:00:11]} 62. Nb3 {[%clk 0:00:39]} Kb5
{[%clk 0:00:12]} 63. Nd4+ {[%clk 0:00:39]} Kc4 {[%clk 0:00:11]} 64. Ne6
{[%clk 0:00:39]} Nc8 {[%clk 0:00:10]} 65. Nd4 {[%clk 0:00:40]} Kb5
{[%clk 0:00:07]} 66. Kb3+ {[%clk 0:00:44]} Kc5 {[%clk 0:00:08]} 67. Ne6+
{[%clk 0:00:43]} Kd6 {[%clk 0:00:08]} 68. Nf8 {[%clk 0:00:41]} Kxc7
{[%clk 0:00:07]} 69. Nxh7 {[%clk 0:00:41]} Kd6 {[%clk 0:00:07]} 70. Kxb4
{[%clk 0:00:41]} Ne7 {[%clk 0:00:05]} 71. Ng5 {[%clk 0:00:40]} Nc6+
{[%clk 0:00:06]} 72. Kc3 {[%clk 0:00:41]} Ne5 {[%clk 0:00:07]} 73. h4
{[%clk 0:00:39]} Ng4 {[%clk 0:00:06]} 74. Nh3 {[%clk 0:00:39]} Ke5
{[%clk 0:00:07]} 75. Kd2 {[%clk 0:00:39]} Nf6 {[%clk 0:00:06]} 76. Nf4
{[%clk 0:00:40]} Ng4 {[%clk 0:00:04]} 77. Nxg6+ {[%clk 0:00:40]} Kf6
{[%clk 0:00:05]} 78. Nf4 Ke5 79. Ke2 {[%clk 0:00:39]} d4 {[%clk 0:00:07]} 80.
exd4+ {[%clk 0:00:38]} Kxd4 {[%clk 0:00:08]} 81. h5 {[%clk 0:00:40]} Ke5
{[%clk 0:00:08]} 82. f3 {[%clk 0:00:38]} exf3+ {[%clk 0:00:08]} 83. Kxf3
{[%clk 0:00:39]} Kf6 {[%clk 0:00:09]} 84. Kg2 {[%clk 0:00:37]} 1/2-1/2

[Event "MPJBiS 2020"]
[Site "?"]
[Date "2020.08.30"]
[Round "11.5"]
[White "Bochniak, Franciszek"]
[Black "Wierzbicki, Dawid"]
[Result "1/2-1/2"]
[BlackElo "1550"]
[WhiteElo "1485"]
[LiveChessVersion "1.4.8"]

1. d4 e6 2. c4 b6 3. Nc3 Bb7 4. Nf3 f5 5. e3 Bb4 6. Bd3 Nf6 7. Bd2 Bxc3 8. Bxc3
O-O 9. O-O Ne4 10. Rc1 d6 11. Qe2 Nd7 12. Rfd1 Ndf6 13. Nd2 Qe8 14. f3 Nxd2 15.
Bxd2 Qh5 16. c5 dxc5 17. dxc5 bxc5 18. Rxc5 Rac8 19. e4 Nd7 20. Rc2 fxe4 21. Bxe4
Bxe4 22. Qxe4 Qf7 23. Re1 Rfe8 24. Rc6 e5 25. Qc4 Qxc4 26. Rxc4 c5 27. Rce4 Rc6
28. Bc3 Rce6 29. f4 Kf7 30. fxe5 Nf8 31. h4 h5 32. Rf4+ Kg8 33. Rf5 g6 34. Rf3
Nd7 35. Rfe3 Nb6 36. Re4 Nd5 37. Bd2 Rb8 38. b3 Kg7 39. Bg5 Rbe8 40. Kf2 Nc3 41.
Rc4 Nxa2 42. Rxc5 Nb4 43. Rc7+ Kg8 44. Bf6 Rxf6+ 45. exf6 Nd3+ 46. Kf3 Nxe1+ 47.
Kf4 Nxg2+ 48. Kg5 Re5+ 49. Kxg6 Nxh4+ 50. Kh6 Nf5+ 51. Kg6 Nh4+ 52. Kh6 1/2-1/2

[Event "MPJBiS 2020"]
[Site "?"]
[Date "2020.08.30"]
[Round "11.6"]
[White "Krawczyk, Flawian"]
[Black "Rosa, Antoni"]
[Result "1-0"]
[BlackElo "1445"]
[WhiteElo "1639"]
[LiveChessVersion "1.4.8"]

1. e4 {[%clk 0:03:04]} e6 {[%clk 0:03:05]} 2. d4 {[%clk 0:03:04]} d5
{[%clk 0:03:05]} 3. Nd2 {[%clk 0:03:05]} c5 {[%clk 0:03:05]} 4. Ngf3
{[%clk 0:03:05]} Nc6 {[%clk 0:03:05]} 5. Bb5 {[%clk 0:03:06]} Bd7
{[%clk 0:03:00]} 6. exd5 {[%clk 0:03:06]} exd5 {[%clk 0:03:01]} 7. O-O
{[%clk 0:03:05]} Nf6 {[%clk 0:02:57]} 8. Re1+ {[%clk 0:02:52]} Be7
{[%clk 0:02:53]} 9. dxc5 {[%clk 0:02:52]} O-O {[%clk 0:02:53]} 10. Nb3
{[%clk 0:02:53]} a6 {[%clk 0:02:49]} 11. Bf1 {[%clk 0:02:52]} Bg4
{[%clk 0:02:43]} 12. h3 {[%clk 0:02:46]} Bh5 {[%clk 0:02:38]} 13. Be2
{[%clk 0:02:47]} Ne4 {[%clk 0:02:35]} 14. Be3 {[%clk 0:02:42]} Bf6
{[%clk 0:02:22]} 15. c3 {[%clk 0:02:43]} Re8 {[%clk 0:02:14]} 16. Nfd2
{[%clk 0:02:14]} Bxe2 {[%clk 0:02:00]} 17. Rxe2 {[%clk 0:02:13]} Nxd2
{[%clk 0:01:49]} 18. Rxd2 {[%clk 0:02:12]} Re5 {[%clk 0:01:40]} 19. Bf4
{[%clk 0:01:46]} Rf5 {[%clk 0:01:38]} 20. Bd6 {[%clk 0:01:46]} Ne7
{[%clk 0:01:30]} 21. Nd4 {[%clk 0:01:22]} Bxd4 {[%clk 0:01:19]} 22. Rxd4
{[%clk 0:01:23]} b6 {[%clk 0:01:15]} 23. Bxe7 {[%clk 0:01:19]} Qxe7
{[%clk 0:01:15]} 24. cxb6 {[%clk 0:01:08]} Qc5 {[%clk 0:01:05]} 25. b7
{[%clk 0:00:56]} Rb8 {[%clk 0:01:03]} 26. Qd3 {[%clk 0:00:54]} Rf6
{[%clk 0:00:51]} 27. Re1 {[%clk 0:00:50]} g6 {[%clk 0:00:37]} 28. Re2
{[%clk 0:00:51]} Rxb7 {[%clk 0:00:30]} 29. Rxd5 {[%clk 0:00:51]} Qc6
{[%clk 0:00:30]} 30. Rd8+ {[%clk 0:00:45]} Kg7 {[%clk 0:00:29]} 31. Ree8
{[%clk 0:00:42]} Qb6 {[%clk 0:00:12]} 32. Qd2 {[%clk 0:00:33]} g5
{[%clk 0:00:07]} 33. Rg8+ {[%clk 0:00:29]} Kh6 {[%clk 0:00:08]} 34. Qxg5#
{[%clk 0:00:29]} 1-0

[Event "MPJBiS 2020"]
[Site "?"]
[Date "2020.08.30"]
[Round "11.7"]
[White "Zielonka, Adam"]
[Black "Skrzypinski, Jan"]
[Result "1/2-1/2"]
[BlackElo "1540"]
[WhiteElo "1438"]
[LiveChessVersion "1.4.8"]

1. Nf3 Nf6 2. c4 d6 3. b3 g6 4. Bb2 Bg7 5. d3 b6 6. g3 Bb7 7. Bg2 Nbd7 8. O-O O-O
9. Nbd2 e5 10. Ng5 Bxg2 11. Kxg2 Nh5 12. Nge4 f5 13. Nc3 a5 14. a3 f4 15. Nce4
Nc5 16. Nxc5 bxc5 17. Ne4 Qd7 18. f3 fxg3 19. hxg3 Qe7 20. Bc1 c6 21. Bg5 Bf6 22.
Bxf6 Nxf6 23. Qd2 Nxe4 24. dxe4 a4 25. bxa4 Rxa4 26. Rfd1 Rd8 27. Qc2 Ra7 28. Qd3
Qe6 29. a4 Rb7 30. Rab1 Ra7 31. Ra1 Kf7 32. Rdb1 d5 33. cxd5 cxd5 34. exd5 Rxd5
35. Qe4 Rd4 36. Rb7+ Rxb7 37. Qxb7+ Rd7 38. Qe4 Rd4 39. Qb7+ Rd7 40. Qe4 Rd4 41.
Qb7+ Rd7 1/2-1/2

[Event "MPJBiS 2020"]
[Site "?"]
[Date "2020.08.30"]
[Round "11.8"]
[White "Liskiewicz, Jakub"]
[Black "Derejczyk, Mateusz"]
[Result "1-0"]
[BlackElo "1479"]
[WhiteElo "1383"]
[LiveChessVersion "1.4.8"]

1. d4 {[%clk 0:03:03]} d5 {[%clk 0:03:04]} 2. c4 {[%clk 0:03:04]} e6
{[%clk 0:03:05]} 3. Nc3 {[%clk 0:03:05]} Nf6 {[%clk 0:03:06]} 4. Bg5
{[%clk 0:03:05]} Be7 {[%clk 0:03:07]} 5. Nf3 {[%clk 0:03:06]} O-O
{[%clk 0:03:07]} 6. e3 {[%clk 0:03:07]} Ne4 {[%clk 0:03:06]} 7. Bxe7
{[%clk 0:03:05]} Qxe7 {[%clk 0:03:06]} 8. cxd5 {[%clk 0:03:02]} Nxc3
{[%clk 0:03:06]} 9. bxc3 {[%clk 0:03:02]} exd5 {[%clk 0:03:07]} 10. Bd3
{[%clk 0:03:01]} c6 {[%clk 0:03:00]} 11. O-O {[%clk 0:03:00]} Bg4
{[%clk 0:03:00]} 12. Rb1 {[%clk 0:02:57]} b6 {[%clk 0:02:46]} 13. h3
{[%clk 0:02:53]} Bh5 {[%clk 0:02:47]} 14. c4 {[%clk 0:02:47]} dxc4
{[%clk 0:02:38]} 15. Bxc4 {[%clk 0:02:47]} Qf6 {[%clk 0:02:21]} 16. Be2
{[%clk 0:02:42]} Nd7 {[%clk 0:01:56]} 17. Ne5 {[%clk 0:02:21]} Bxe2
{[%clk 0:01:49]} 18. Nxd7 {[%clk 0:02:20]} Qd6 {[%clk 0:01:43]} 19. Qxe2
{[%clk 0:02:16]} Qxd7 {[%clk 0:01:43]} 20. Rfc1 {[%clk 0:02:07]} Rac8
{[%clk 0:01:29]} 21. Qf3 {[%clk 0:02:03]} Qd5 {[%clk 0:01:15]} 22. Qxd5
{[%clk 0:01:30]} cxd5 {[%clk 0:01:16]} 23. Kf1 {[%clk 0:01:30]} Rc4
{[%clk 0:01:03]} 24. Rxc4 {[%clk 0:01:17]} dxc4 {[%clk 0:01:04]} 25. Ke1
{[%clk 0:01:16]} Rc8 {[%clk 0:00:46]} 26. Kd2 {[%clk 0:01:15]} Rc6
{[%clk 0:00:38]} 27. Kc3 {[%clk 0:01:13]} a6 {[%clk 0:00:36]} 28. a4
{[%clk 0:01:09]} a5 {[%clk 0:00:33]} 29. Rb5 {[%clk 0:00:57]} f6 {[%clk 0:00:22]}
30. d5 {[%clk 0:00:54]} Rd6 {[%clk 0:00:16]} 31. Kxc4 {[%clk 0:00:54]} Kf7
{[%clk 0:00:17]} 32. e4 {[%clk 0:00:53]} Ke7 {[%clk 0:00:15]} 33. f4
{[%clk 0:00:52]} h5 {[%clk 0:00:04]} 34. e5 {[%clk 0:00:51]} fxe5
{[%clk 0:00:05]} 35. fxe5 {[%clk 0:00:51]} Rg6 {[%clk 0:00:06]} 36. Rb2
{[%clk 0:00:43]} Rg5 {[%clk 0:00:05]} 37. Kd4 {[%clk 0:00:40]} Rg6
{[%clk 0:00:06]} 38. d6+ {[%clk 0:00:39]} Ke6 {[%clk 0:00:07]} 39. Rxb6
{[%clk 0:00:35]} Rxg2 {[%clk 0:00:04]} 40. Rb5 {[%clk 0:00:34]} Rd2+
{[%clk 0:00:05]} 41. Ke3 {[%clk 0:00:33]} Ra2 {[%clk 0:00:05]} 42. Rxa5
{[%clk 0:00:32]} Ra3+ {[%clk 0:00:06]} 43. Ke4 {[%clk 0:00:30]} Rxh3
{[%clk 0:00:07]} 44. Rc5 {[%clk 0:00:25]} Rh1 {[%clk 0:00:05]} 45. a5
{[%clk 0:00:25]} Re1+ {[%clk 0:00:06]} 46. Kf4 {[%clk 0:00:26]} Ra1
{[%clk 0:00:05]} 47. Rc7 {[%clk 0:00:24]} Rxa5 {[%clk 0:00:04]} 48. Re7+
{[%clk 0:00:25]} Kd5 {[%clk 0:00:04]} 49. d7 {[%clk 0:00:23]} Ra4+
{[%clk 0:00:04]} 50. Kf5 {[%clk 0:00:22]} Ra8 {[%clk 0:00:05]} 51. Re8
{[%clk 0:00:23]} Ra1 {[%clk 0:00:06]} 52. d8=Q+ {[%clk 0:00:21]} Kc4
{[%clk 0:00:07]} 53. Qc7+ {[%clk 0:00:19]} Kd3 {[%clk 0:00:09]} 54. Rd8+
{[%clk 0:00:20]} Ke3 {[%clk 0:00:10]} 55. Qc3+ {[%clk 0:00:20]} Kf2
{[%clk 0:00:11]} 56. Rd2+ {[%clk 0:00:20]} Kf1 {[%clk 0:00:12]} 57. Qxa1# 1-0

[Event "MPJBiS 2020"]
[Site "?"]
[Date "2020.08.30"]
[Round "11.9"]
[White "Grzebieniowski, Michal"]
[Black "Chmielewski, Jakub"]
[Result "1-0"]
[BlackElo "1149"]
[WhiteElo "1472"]
[LiveChessVersion "1.4.8"]

1. d4 {[%clk 0:03:03]} d5 {[%clk 0:03:04]} 2. c4 {[%clk 0:03:05]} e6
{[%clk 0:03:05]} 3. Nf3 {[%clk 0:03:06]} Nf6 4. g3 c5 {[%clk 0:03:02]} 5. cxd5
{[%clk 0:03:06]} Nxd5 {[%clk 0:03:01]} 6. Bg2 {[%clk 0:03:07]} b6
{[%clk 0:03:00]} 7. O-O {[%clk 0:03:07]} Bb7 {[%clk 0:03:00]} 8. Nc3
{[%clk 0:02:59]} Be7 {[%clk 0:02:55]} 9. e3 {[%clk 0:02:54]} O-O {[%clk 0:02:54]}
10. a3 {[%clk 0:02:56]} Nd7 {[%clk 0:02:45]} 11. Bd2 {[%clk 0:02:55]} N7f6
{[%clk 0:02:43]} 12. Qe2 {[%clk 0:02:45]} Re8 {[%clk 0:02:33]} 13. Rfd1
{[%clk 0:02:43]} Qc7 {[%clk 0:02:26]} 14. Rac1 {[%clk 0:02:42]} Rad8
{[%clk 0:02:24]} 15. dxc5 {[%clk 0:02:32]} Nxc3 {[%clk 0:02:16]} 16. Bxc3
{[%clk 0:02:22]} Rxd1+ {[%clk 0:01:46]} 17. Qxd1 {[%clk 0:02:20]} Rd8
{[%clk 0:01:46]} 18. Qe1 {[%clk 0:02:20]} bxc5 {[%clk 0:01:40]} 19. b4
{[%clk 0:01:57]} Ne4 {[%clk 0:01:35]} 20. Ba1 {[%clk 0:01:38]} c4
{[%clk 0:01:32]} 21. Ne5 {[%clk 0:01:25]} c3 {[%clk 0:01:20]} 22. Bxe4
{[%clk 0:01:12]} Bxe4 {[%clk 0:01:20]} 23. Qxc3 {[%clk 0:01:08]} Qxc3
{[%clk 0:01:01]} 24. Bxc3 {[%clk 0:01:08]} Rc8 {[%clk 0:01:00]} 25. Bb2
{[%clk 0:01:04]} Rxc1+ {[%clk 0:00:55]} 26. Bxc1 {[%clk 0:01:05]} Bf6
{[%clk 0:00:55]} 27. Nc4 {[%clk 0:01:05]} Bd8 {[%clk 0:00:42]} 28. Bb2
{[%clk 0:00:56]} Bd5 {[%clk 0:00:39]} 29. Nd2 {[%clk 0:00:53]} a5
{[%clk 0:00:40]} 30. Bc3 {[%clk 0:00:52]} axb4 {[%clk 0:00:39]} 31. Bxb4
{[%clk 0:00:53]} f6 {[%clk 0:00:36]} 32. Kf1 {[%clk 0:00:48]} Kf7
{[%clk 0:00:37]} 33. Ke2 {[%clk 0:00:49]} e5 {[%clk 0:00:38]} 34. Kd3
{[%clk 0:00:44]} Ke6 {[%clk 0:00:36]} 35. e4 {[%clk 0:00:37]} Bc6
{[%clk 0:00:36]} 36. Nb3 {[%clk 0:00:36]} Bb5+ {[%clk 0:00:31]} 37. Ke3
{[%clk 0:00:35]} f5 {[%clk 0:00:21]} 38. Nc5+ {[%clk 0:00:31]} Kf6
{[%clk 0:00:19]} 39. exf5 {[%clk 0:00:25]} Kxf5 {[%clk 0:00:19]} 40. a4
{[%clk 0:00:25]} Bc6 {[%clk 0:00:18]} 41. a5 {[%clk 0:00:26]} Ba8
{[%clk 0:00:07]} 42. Nd3 {[%clk 0:00:21]} 1-0

[Event "MPJBiS 2020"]
[Site "?"]
[Date "2020.08.30"]
[Round "11.10"]
[White "Ratajczak, Hubert"]
[Black "Bartodziej, Bartosz"]
[Result "0-1"]
[BlackElo "1465"]
[WhiteElo "1335"]
[LiveChessVersion "1.4.8"]

1. e4 {[%clk 0:03:03]} c5 {[%clk 0:03:04]} 2. d4 {[%clk 0:03:04]} cxd4 3. Qxd4
{[%clk 0:03:00]} Nc6 {[%clk 0:03:02]} 4. Qd3 {[%clk 0:02:47]} e6 {[%clk 0:03:02]}
5. c4 {[%clk 0:02:44]} Nf6 {[%clk 0:02:59]} 6. Nc3 {[%clk 0:02:45]} a6
{[%clk 0:02:56]} 7. Be3 {[%clk 0:02:34]} Bb4 {[%clk 0:02:49]} 8. a3
{[%clk 0:02:25]} Bxc3+ {[%clk 0:02:48]} 9. bxc3 {[%clk 0:02:26]} O-O
{[%clk 0:02:47]} 10. Bc5 {[%clk 0:02:12]} Re8 {[%clk 0:02:48]} 11. Bd6
{[%clk 0:02:12]} b5 {[%clk 0:02:10]} 12. cxb5 {[%clk 0:01:59]} axb5
{[%clk 0:02:10]} 13. Qf3 {[%clk 0:01:34]} Qb6 {[%clk 0:01:51]} 14. Bd3
{[%clk 0:01:11]} e5 {[%clk 0:01:37]} 15. Ne2 {[%clk 0:00:51]} Bb7
{[%clk 0:01:02]} 16. g4 {[%clk 0:00:42]} Re6 {[%clk 0:00:46]} 17. Bb4
{[%clk 0:00:37]} Nxb4 {[%clk 0:00:46]} 18. cxb4 {[%clk 0:00:38]} d5
{[%clk 0:00:38]} 19. exd5 {[%clk 0:00:11]} Bxd5 {[%clk 0:00:37]} 20. Qg3
{[%clk 0:00:04]} Bxh1 21. f3 Rd8 {[%clk 0:00:24]} 22. Rd1 {[%clk 0:00:05]} Red6
{[%clk 0:00:22]} 23. Nc1 {[%clk 0:00:04]} Qe3+ {[%clk 0:00:20]} 24. Kf1
{[%clk 0:00:04]} Rxd3 {[%clk 0:00:14]} 25. Nxd3 {[%clk 0:00:03]} Rxd3
{[%clk 0:00:14]} 26. Rxd3 {[%clk 0:00:04]} Qxd3+ {[%clk 0:00:15]} 27. Kf2
{[%clk 0:00:06]} Qxf3+ {[%clk 0:00:12]} 28. Qxf3 {[%clk 0:00:07]} Bxf3
{[%clk 0:00:12]} 29. Kxf3 {[%clk 0:00:08]} e4+ 30. Kf4 Kf8 {[%clk 0:00:12]} 31.
g5 {[%clk 0:00:11]} Nd7 {[%clk 0:00:08]} 32. Kxe4 {[%clk 0:00:12]} Ke7
{[%clk 0:00:08]} 33. Kd5 {[%clk 0:00:13]} f5 {[%clk 0:00:08]} 34. gxf6+
{[%clk 0:00:14]} gxf6 {[%clk 0:00:09]} 35. h4 {[%clk 0:00:13]} f5
{[%clk 0:00:09]} 36. h5 {[%clk 0:00:09]} Kf6 {[%clk 0:00:07]} 37. Kd4
{[%clk 0:00:10]} Nb6 {[%clk 0:00:08]} 38. Ke3 {[%clk 0:00:09]} Nc4+
{[%clk 0:00:08]} 39. Kf4 {[%clk 0:00:07]} Nxa3 {[%clk 0:00:09]} 40. Ke3
{[%clk 0:00:09]} Nc2+ {[%clk 0:00:10]} 41. Kd3 {[%clk 0:00:10]} Nxb4+ 42. Kc3 Nc6
{[%clk 0:00:11]} 43. Kd3 {[%clk 0:00:13]} b4 {[%clk 0:00:13]} 44. Kc4
{[%clk 0:00:15]} f4 {[%clk 0:00:13]} 45. Kd3 {[%clk 0:00:16]} f3 {[%clk 0:00:13]}
46. Ke3 {[%clk 0:00:18]} b3 {[%clk 0:00:13]} 47. Kxf3 {[%clk 0:00:18]} b2
{[%clk 0:00:14]} 48. Kf4 {[%clk 0:00:18]} b1=Q {[%clk 0:00:14]} 49. Kg4
{[%clk 0:00:19]} Qe4+ {[%clk 0:00:15]} 50. Kg3 {[%clk 0:00:20]} Qe3+
{[%clk 0:00:16]} 51. Kg4 {[%clk 0:00:21]} Ne5+ {[%clk 0:00:16]} 52. Kh4
{[%clk 0:00:23]} Qg1 {[%clk 0:00:16]} 53. Kh3 {[%clk 0:00:23]} Kf5
{[%clk 0:00:16]} 54. Kh4 {[%clk 0:00:23]} Qg4# {[%clk 0:00:17]} 0-1

[Event "MPJBiS 2020"]
[Site "?"]
[Date "2020.08.30"]
[Round "11.11"]
[White "Jaworski, Tymon"]
[Black "Borowik, Wojciech"]
[Result "1-0"]
[BlackElo "1436"]
[WhiteElo "1559"]
[LiveChessVersion "1.4.8"]

1. e4 {[%clk 0:03:02]} c5 {[%clk 0:03:01]} 2. Nf3 {[%clk 0:03:03]} d6
{[%clk 0:03:03]} 3. g3 {[%clk 0:03:02]} Nf6 {[%clk 0:03:01]} 4. d3
{[%clk 0:02:58]} Nc6 {[%clk 0:02:54]} 5. Bg2 {[%clk 0:02:58]} g6 {[%clk 0:02:53]}
6. O-O {[%clk 0:02:58]} Bg7 {[%clk 0:02:53]} 7. Nbd2 {[%clk 0:02:52]} O-O
{[%clk 0:02:52]} 8. a4 {[%clk 0:02:52]} Rb8 {[%clk 0:02:48]} 9. Nc4
{[%clk 0:02:49]} a6 {[%clk 0:02:48]} 10. a5 {[%clk 0:02:48]} Be6 {[%clk 0:02:42]}
11. Nfd2 {[%clk 0:02:33]} Nd7 {[%clk 0:02:19]} 12. c3 {[%clk 0:02:18]} Nde5
{[%clk 0:02:08]} 13. Nxe5 {[%clk 0:01:48]} dxe5 {[%clk 0:02:02]} 14. Nc4
{[%clk 0:01:35]} Qc7 {[%clk 0:01:34]} 15. Be3 {[%clk 0:01:17]} Bxc4
{[%clk 0:01:21]} 16. dxc4 {[%clk 0:01:17]} Nxa5 {[%clk 0:01:21]} 17. Qa4
{[%clk 0:01:04]} b6 {[%clk 0:01:12]} 18. Rad1 {[%clk 0:01:02]} Rfd8
{[%clk 0:01:01]} 19. Qa2 {[%clk 0:00:40]} b5 {[%clk 0:00:56]} 20. cxb5
{[%clk 0:00:20]} axb5 {[%clk 0:00:57]} 21. b3 {[%clk 0:00:13]} c4
{[%clk 0:00:42]} 22. b4 {[%clk 0:00:10]} Nc6 {[%clk 0:00:42]} 23. Qb2
{[%clk 0:00:06]} Ra8 {[%clk 0:00:34]} 24. Ra1 {[%clk 0:00:05]} Rxa1
{[%clk 0:00:23]} 25. Rxa1 {[%clk 0:00:05]} Qb7 {[%clk 0:00:23]} 26. Qc2
{[%clk 0:00:06]} Rd3 {[%clk 0:00:23]} 27. Rd1 {[%clk 0:00:05]} Rxd1+
{[%clk 0:00:13]} 28. Qxd1 {[%clk 0:00:06]} h6 {[%clk 0:00:10]} 29. h3
{[%clk 0:00:07]} e6 {[%clk 0:00:09]} 30. Qd6 {[%clk 0:00:08]} Bf8
{[%clk 0:00:09]} 31. Qd1 {[%clk 0:00:08]} Qc7 {[%clk 0:00:08]} 32. Qd2
{[%clk 0:00:08]} Qd8 {[%clk 0:00:09]} 33. Qxd8 {[%clk 0:00:08]} Nxd8
{[%clk 0:00:09]} 34. Kf1 {[%clk 0:00:07]} f5 {[%clk 0:00:10]} 35. Bb6
{[%clk 0:00:06]} Nc6 {[%clk 0:00:11]} 36. exf5 {[%clk 0:00:07]} exf5
{[%clk 0:00:12]} 37. Bxc6 {[%clk 0:00:08]} e4 {[%clk 0:00:13]} 38. Bxb5
{[%clk 0:00:08]} Bg7 {[%clk 0:00:14]} 39. Bxc4+ {[%clk 0:00:08]} Kf8
{[%clk 0:00:15]} 40. Bd4 {[%clk 0:00:09]} Bxd4 {[%clk 0:00:15]} 41. cxd4
{[%clk 0:00:10]} Ke7 {[%clk 0:00:16]} 42. b5 {[%clk 0:00:11]} Kd6
{[%clk 0:00:18]} 43. Ke2 {[%clk 0:00:13]} g5 {[%clk 0:00:19]} 44. f4
{[%clk 0:00:13]} g4 {[%clk 0:00:13]} 45. hxg4 {[%clk 0:00:13]} fxg4
{[%clk 0:00:14]} 46. Ke3 {[%clk 0:00:14]} h5 {[%clk 0:00:15]} 47. Kxe4
{[%clk 0:00:14]} h4 {[%clk 0:00:15]} 48. gxh4 g3 49. Kf3 {[%clk 0:00:13]} 1-0

[Event "MPJBiS 2020"]
[Site "?"]
[Date "2020.08.30"]
[Round "12.1"]
[White "Bartodziej, Bartosz"]
[Black "Raczek, Krzysztof"]
[Result "0-1"]
[BlackElo "1720"]
[WhiteElo "1465"]
[LiveChessVersion "1.4.8"]

1. e4 c5 2. Nf3 e6 3. d4 cxd4 4. Nxd4 Nf6 5. Nc3 d6 6. Be2 a6 7. Be3 Be7 8. O-O
Nbd7 9. a4 Qc7 10. Qd2 Ne5 11. h3 Nc4 12. Bxc4 Qxc4 13. Qd3 Qxd3 14. cxd3 Bd7 15.
a5 Rc8 16. Na4 Bxa4 17. Rxa4 d5 18. f3 O-O 19. Raa1 Bb4 20. Ra4 Bc5 21. Nc2 Be7
22. Nd4 Rfd8 23. e5 Nd7 24. f4 Bc5 25. Nc2 Rc7 26. d4 Bf8 27. Ne1 Rdc8 28. Ra1
Nb8 29. Nd3 Nc6 30. Rfc1 g6 31. Kf2 h5 32. h4 Be7 33. g3 Kf8 34. Ke2 Ke8 35. Kd2
Nb4 36. Nxb4 Bxb4+ 37. Kd1 Rxc1+ 38. Bxc1 Rc4 39. Be3 Kd7 40. Ke2 Rc2+ 41. Kd1
Rxb2 42. Bg1 Rg2 0-1

[Event "MPJBiS 2020"]
[Site "?"]
[Date "2020.08.30"]
[Round "12.2"]
[White "Nawalaniec, Adam"]
[Black "Seemann, Jakub"]
[Result "0-1"]
[BlackElo "1811"]
[WhiteElo "1444"]
[LiveChessVersion "1.4.8"]

1. e4 {[%clk 0:03:04]} c5 {[%clk 0:03:03]} 2. c3 {[%clk 0:03:04]} Nf6
{[%clk 0:03:01]} 3. d3 {[%clk 0:03:01]} d6 {[%clk 0:03:01]} 4. Nf3
{[%clk 0:03:01]} g6 {[%clk 0:03:03]} 5. Be2 {[%clk 0:03:02]} Bg7 {[%clk 0:03:04]}
6. Be3 {[%clk 0:03:04]} O-O {[%clk 0:03:02]} 7. O-O {[%clk 0:03:05]} Nc6
{[%clk 0:02:59]} 8. Nbd2 {[%clk 0:03:06]} b6 {[%clk 0:02:51]} 9. d4
{[%clk 0:03:05]} cxd4 {[%clk 0:02:48]} 10. cxd4 {[%clk 0:03:06]} Ng4
{[%clk 0:02:49]} 11. Nb3 {[%clk 0:02:52]} Nxe3 {[%clk 0:02:48]} 12. fxe3
{[%clk 0:02:54]} d5 {[%clk 0:02:46]} 13. Rc1 {[%clk 0:02:07]} Bb7
{[%clk 0:02:45]} 14. exd5 {[%clk 0:02:07]} Qxd5 {[%clk 0:02:43]} 15. Bc4
{[%clk 0:02:07]} Qd7 {[%clk 0:02:40]} 16. Kh1 {[%clk 0:01:44]} e6
{[%clk 0:02:34]} 17. Qd2 {[%clk 0:01:41]} Rad8 {[%clk 0:02:14]} 18. Rc2
{[%clk 0:01:21]} a6 {[%clk 0:01:57]} 19. Qe2 {[%clk 0:01:17]} b5 {[%clk 0:01:57]}
20. Nc5 {[%clk 0:01:18]} Qe7 {[%clk 0:01:42]} 21. Bb3 {[%clk 0:01:14]} Na5
{[%clk 0:01:37]} 22. Rd2 {[%clk 0:00:37]} Nxb3 {[%clk 0:01:37]} 23. Nxb3
{[%clk 0:00:38]} Bd5 {[%clk 0:01:22]} 24. Nc5 {[%clk 0:00:35]} e5
{[%clk 0:01:11]} 25. b3 {[%clk 0:00:10]} exd4 {[%clk 0:01:04]} 26. exd4
{[%clk 0:00:12]} Qxe2 {[%clk 0:00:54]} 27. Rxe2 {[%clk 0:00:13]} a5
{[%clk 0:00:51]} 28. Nd3 {[%clk 0:00:06]} Bxf3 {[%clk 0:00:49]} 29. Rxf3
{[%clk 0:00:07]} Rxd4 30. h3 Rfd8 {[%clk 0:00:45]} 31. Ne5 {[%clk 0:00:10]} Re8
{[%clk 0:00:35]} 0-1